The public child-welfare program in the District of Columbia, (Record no. 36250)

MARC details
000 -LEADER
fixed length control field 01096cam a22002531 4500
001 - CONTROL NUMBER
control field l 38000049
003 - CONTROL NUMBER IDENTIFIER
control field DLC
005 - DATE AND TIME OF LATEST TRANSACTION
control field 20260227111536.0
008 - FIXED-LENGTH DATA ELEMENTS--GENERAL INFORMATION
fixed length control field 820626s1938 xx 000 0 eng
010 ## - LIBRARY OF CONGRESS CONTROL NUMBER
LC control number l 38000049
035 ## - SYSTEM CONTROL NUMBER
System control number (OCoLC)14754645
040 ## - CATALOGING SOURCE
Original cataloging agency DLC
Transcribing agency DNLM
Modifying agency InIU
-- OCoLC
-- DLC
042 ## - AUTHENTICATION CODE
Authentication code premarc
050 00 - LIBRARY OF CONGRESS CALL NUMBER
Classification number HV742.D6
Item number L8 1938
060 0# - NATIONAL LIBRARY OF MEDICINE CALL NUMBER
Classification number W1
Item number UN6181 no.240 1938
100 1# - MAIN ENTRY--PERSONAL NAME
Personal name Lundberg, Emma Octavia.
245 14 - TITLE STATEMENT
Title The public child-welfare program in the District of Columbia,
Statement of responsibility, etc. by Emma O. Lundberg ...
260 ## - PUBLICATION, DISTRIBUTION, ETC.
Place of publication, distribution, etc. Washington,
Name of publisher, distributor, etc. U.S. Govt. print. off.,
Date of publication, distribution, etc. 1938.
300 ## - PHYSICAL DESCRIPTION
Extent v, 82 p.
490 1# - SERIES STATEMENT
Series statement United States. Children's bureau. Publication
Volume/sequential designation no. 240 (Revised and enlarged edition)
500 ## - GENERAL NOTE
General note At head of title: United States Department of labor. Frances Perkins, secretary. Children's bureau. Katharine F. Lenroot, chief.
500 ## - GENERAL NOTE
General note "The first part, which presents the conclusions and recommendations of the study, was published separately in 1937." - Letter of transmittal.
810 1# - SERIES ADDED ENTRY--CORPORATE NAME
Corporate name or jurisdiction name as entry element United States.
Subordinate unit Children's Bureau.
Title of a work Publication ;
Volume/sequential designation no. 240.

No items available.

Powered by Koha